Ayurveda for all / (Record no. 151151)

MARC details
000 -LEADER
fixed length control field 00545nam a22001817a 4500
005 - DATE AND TIME OF LATEST TRANSACTION
control field 20180423145250.0
010 ## - LCCN (DPL NO)
LC control number ENG-122565
020 ## - INTERNATIONAL STANDARD BOOK NUMBER
International Standard Book Number 9788183823449
Terms of availability 131.75
035 ## - SYSTEM CONTROL NUMBER
System control number EN-106097
037 ## - SOURCE OF ACQUISITION
Source of stock number/acquisition DBAD/PUB
082 ## - DEWEY DECIMAL CLASSIFICATION NUMBER
Classification number 615.53
100 ## - MAIN ENTRY--PERSONAL NAME
Personal name Sharma, Rajeev
245 ## - TITLE STATEMENT
Title Ayurveda for all /
Statement of responsibility, etc by Rajeev Sharma
260 ## - PUBLICATION, DISTRIBUTION, ETC. (IMPRINT)
Place of publication, distribution, etc New Delhi
Name of publisher, distributor, etc Lotus Press
Date of publication, distribution, etc 2017
270 ## - ADDRESS
Address 4735/22, Prakash Deep Building, Ansari Road, Darya Ganj,
City New Delhi
Postal code 110002
300 ## - PHYSICAL DESCRIPTION
Extent 260 p.
Dimensions 20cm.(Hb)
Other physical details ill.
942 ## - ADDED ENTRY ELEMENTS (KOHA)
Source of classification or shelving scheme Dewey Decimal Classification
Item type English Books
Call number suffix SHA
Classification part 615.53
Holdings
Withdrawn status Lost status Not for loan Collection code Home library Current library Date acquired Source of acquisition Cost, normal purchase price Full call number Barcode Copy number Cost, replacement price Koha item type
    Not For Loan Non-fiction D.B.Act.Division Sarojini Nagar 13/04/2018 DBAD/PUB 131.75 615.53SHA EN-106097 1 131.75 English Books

© Delhi Public Library
Hit Counter
free hit counter